Manual de bibliografía de la literatura española / (Record no. 143624)
[ view plain ]
| 000 -LEADER | |
|---|---|
| campo de control de longitud fija | 00952nam a2200217 i 4500 |
| 001 - NÚMERO DE CONTROL | |
| campo de control | 143624 |
| 003 - IDENTIFICADOR DE NÚMERO DE CONTROL | |
| campo de control | ES-MaACL |
| 005 - FECHA Y HORA DE LA ÚLTIMA TRANSACCIÓN | |
| campo de control | 20230906200846.0 |
| 007 - CAMPO FIJO DE DESCRIPCIÓN FÍSICA--INFORMACIÓN GENERAL | |
| campo de control de longitud fija | t| |
| 008 - DATOS DE LONGITUD FIJA--INFORMACIÓN GENERAL | |
| campo de control de longitud fija | 070214m19481954xxu b |||| | spa d |
| 100 1# - ENTRADA PRINCIPAL--NOMBRE DE PERSONA | |
| Nombre de persona | Serís, Homero, |
| Fechas asociadas al nombre | 1879-1969 |
| 9 (RLIN) | 105555 |
| 245 10 - MENCIÓN DEL TÍTULO | |
| Título | Manual de bibliografía de la literatura española / |
| Mención de responsabilidad, etc. | Homero Serís. |
| 260 ## - PUBLICACIÓN, DISTRIBUCIÓN, ETC. | |
| Lugar de publicación, distribución, etc. | Syracuse, New York : |
| Nombre del editor, distribuidor, etc. | Centro de Estudios Hispánicos, |
| Fecha de publicación, distribución, etc. | 1948-1954. |
| 300 ## - DESCRIPCIÓN FÍSICA | |
| Extensión | 1 t. en 2 v. ; |
| Dimensiones | 20 cm. |
| 505 8# - NOTA DE CONTENIDO CON FORMATO | |
| Nota de contenido con formato | Contiene: I ; |
| Título | Primera parte (XLIII, 422 p.) I-2 ; |
| -- | Segundo fascículo de la primera parte (423-1086, XIII p.) |
| 594 ## - Nota al título y mención de responsabilidad | |
| Nota al título y mención de responsabilidad | Precede al tít.: Syracuse University. Centro de Estudios Hispánicos. |
| 650 04 - PUNTO DE ACCESO ADICIONAL DE MATERIA--TÉRMINO DE MATERIA | |
| Término de materia o nombre geográfico como elemento de entrada | Literatura española- |
| Subdivisión de forma | Bibliografías. |
| 9 (RLIN) | 14554 |
| 710 2# - ENTRADA AGREGADA--NOMBRE DE ENTIDAD CORPORATIVA | |
| Nombre de entidad corporativa o nombre de jurisdicción como elemento de entrada | Syracuse University. |
| Unidad subordinada | Centro de Estudios Hispánicos. |
| 9 (RLIN) | 6898 |
| 852 ## - LOCALIZACIÓN | |
| Ubicación | ES-MaACL |
| Número de control de estantería | L-32037-38 |
| Nota libre | . - Donat. herederos de la bibl. de Mª del Pilar Costa Palacín |
| -- | (v. 2) |
| Estatus retirado | Estado de pérdida | Estado de daño | No para préstamo | Biblioteca de origen | Biblioteca actual | Ubicación en estantería | Fecha de adquisición | Fuente de adquisición | Total de préstamos | Signatura topográfica completa | Código de barras | Visto por última vez | Precio de reemplazo | Tipo de ítem Koha |
|---|---|---|---|---|---|---|---|---|---|---|---|---|---|---|
| Biblioteca del Ateneo de Madrid | Biblioteca del Ateneo de Madrid | Depósito 2 | 11/06/2018 | L-32037-38 | 1198990 | 23/02/2023 | 23/02/2023 | Libro impreso |
